<?xml version="1.0" encoding="UTF-8"?>
<record
    xmlns:xsi="http://www.w3.org/2001/XMLSchema-instance"
    xsi:schemaLocation="http://www.loc.gov/MARC21/slim http://www.loc.gov/standards/marcxml/schema/MARC21slim.xsd"
    xmlns="http://www.loc.gov/MARC21/slim">

  <leader>00847nam a2200229 a 4500</leader>
  <controlfield tag="001">BRCA_4384</controlfield>
  <controlfield tag="005">20190320204642.0</controlfield>
  <controlfield tag="008">090725s2008    ag-a#####b---#000-0dspa-#</controlfield>
  <datafield tag="020" ind1=" " ind2=" ">
    <subfield code="a">9789568529093</subfield>
  </datafield>
  <datafield tag="041" ind1=" " ind2=" ">
    <subfield code="a">spa</subfield>
  </datafield>
  <datafield tag="044" ind1=" " ind2=" ">
    <subfield code="a">ag</subfield>
  </datafield>
  <datafield tag="050" ind1=" " ind2="4">
    <subfield code="a">ND259.K3</subfield>
    <subfield code="b">.F75 2008</subfield>
  </datafield>
  <datafield tag="245" ind1="1" ind2="0">
    <subfield code="a">Frida y Diego</subfield>
    <subfield code="b">vidas compartidas.</subfield>
  </datafield>
  <datafield tag="260" ind1=" " ind2=" ">
    <subfield code="a">Santiago de Chile</subfield>
    <subfield code="b">Fundaci&#xF3;n Centro Cultural Palacio La Moneda</subfield>
    <subfield code="c">c2008</subfield>
  </datafield>
  <datafield tag="300" ind1=" " ind2=" ">
    <subfield code="a">207 p.</subfield>
    <subfield code="b">il. a color</subfield>
    <subfield code="c">27 cm.</subfield>
  </datafield>
  <datafield tag="500" ind1=" " ind2=" ">
    <subfield code="a">Cat&#xE1;logo de la exposici&#xF3;n realizada en el Centro Cultural Palacio La Moneda (Santiago de Chile), 21 noviembre, 2008 - 28 febrero, 2009.</subfield>
  </datafield>
  <datafield tag="504" ind1=" " ind2=" ">
    <subfield code="a">Bibliograf&#xED;a: p. 61-64</subfield>
  </datafield>
  <datafield tag="600" ind1="1" ind2="4">
    <subfield code="a">Kahlo, Frida</subfield>
    <subfield code="d">1907-1954</subfield>
    <subfield code="v">Exposiciones</subfield>
    <subfield code="9">11146</subfield>
  </datafield>
  <datafield tag="600" ind1="1" ind2="4">
    <subfield code="a">Rivera, Diego</subfield>
    <subfield code="d">1886-1957</subfield>
    <subfield code="v">Exposiciones</subfield>
    <subfield code="9">4891</subfield>
  </datafield>
  <datafield tag="710" ind1="2" ind2=" ">
    <subfield code="a">Centro Cultural Palacio La Moneda (Chile)</subfield>
    <subfield code="9">11147</subfield>
  </datafield>
  <datafield tag="942" ind1=" " ind2=" ">
    <subfield code="2">lcc</subfield>
    <subfield code="c">B</subfield>
  </datafield>
  <datafield tag="999" ind1=" " ind2=" ">
    <subfield code="c">4095</subfield>
    <subfield code="d">4095</subfield>
  </datafield>
  <datafield tag="952" ind1=" " ind2=" ">
    <subfield code="0">0</subfield>
    <subfield code="1">0</subfield>
    <subfield code="4">0</subfield>
    <subfield code="7">0</subfield>
    <subfield code="a">BRCA</subfield>
    <subfield code="b">BRCA</subfield>
    <subfield code="d">2010-07-22</subfield>
    <subfield code="l">0</subfield>
    <subfield code="o">ND259.K3 .F75 2008</subfield>
    <subfield code="p">02196</subfield>
    <subfield code="r">2019-03-22 00:00:00</subfield>
    <subfield code="w">2019-03-22</subfield>
    <subfield code="y">B</subfield>
  </datafield>
</record>
